000 00495nam a2200169Ia 4500
003 GCL
008 140319s9999 xx 000 0 ara d
040 _aGCL /
_cGCL
082 0 4 _a614.5833
_bح ص
100 1 _aحنان عبدالحميد العنانى
245 1 0 _aالصحة النفسية للطفل /
_cحنان عبدالحميد العنانى
490 _aكتاب
_v0
650 0 4 _aالاطفال
650 0 4 _aالشخصية
650 0 4 _aصحة الاطفال
942 _2ddc
_cBK
999 _c41677
_d41677